Statistics for 10 Random Missing African Countries on a Map

Click here to take the quiz!

General Stats

  • This quiz has been taken 80 times
  • The average score is 10 of 10

Answers on the Map

Answers color-coded by a green-red scale on the quiz's map according to % correct below.
 

Answer Stats

Answer% Correct
Algeria
100%
Angola
100%
Botswana
100%
Burkina Faso
100%
Burundi
100%
Cameroon
100%
Cape Verde
100%
Central African Republic
100%
Chad
100%
Comoros
100%
Cote D'Ivoire
100%
Democratic Republic of the Congo
100%
Djibouti
100%
Egypt
100%
Eritrea
100%
Eswatini
100%
Ethiopia
100%
Gabon
100%
Gambia
100%
Guinea
100%
Kenya
100%
Lesotho
100%
Liberia
100%
Libya
100%
Malawi
100%
Mali
100%
Mauritania
100%
Morocco
100%
Mozambique
100%
Niger
100%
Nigeria
100%
Republic of the Congo
100%
Senegal
100%
South Africa
100%
South Sudan
100%
Sudan
100%
Tanzania
100%
Togo
100%
Zambia
100%
Zimbabwe
100%
Ghana
91%
Tunisia
91%
Uganda
90%
Madagascar
89%
Benin
88%
Equatorial Guinea
88%
Rwanda
88%
Guinea-Bissau
86%
Mauritius
86%
Seychelles
86%
Sierra Leone
86%
Namibia
83%
Somalia
78%
Sao Tome and Principe
70%

Score Distribution

Percentile by Number Answered

Percent of People with Each Score

Your Score History

You have not taken this quiz